Diccionario inglés-español. (Record no. 1697)

MARC details
000 -CABECERA
campo de control de longitud fija 00629nam a2200217 a 4500
001 - NÚMERO DE CONTROL
campo de control BRCA_1925
005 - FECHA Y HORA DE LA ÚLTIMA TRANSACCIÓN
campo de control 20190320203614.0
008 - DATOS DE LONGITUD FIJA--INFORMACIÓN GENERAL
campo de control de longitud fija 010704s2000 sp-#---##d---#000-0#spa-d
020 ## - NÚMERO INTERNACIONAL ESTÁNDAR DEL LIBRO
Número Internacional Estándar del Libro 8449415128
040 ## - FUENTE DE LA CATALOGACIÓN
Centro catalogador/agencia de origen XRW
Lengua de catalogación spa
Centro/agencia transcriptor XRW
050 #4 - SIGNATURA TOPOGRÁFICA DE LA BIBLIOTECA DEL CONGRESO
Número de clasificación PC4640
Número de documento/Ítem .D53 2000
245 10 - MENCIÓN DE TÍTULO
Título Diccionario inglés-español.
260 ## - PUBLICACIÓN, DISTRIBUCIÓN, ETC.
Lugar de publicación, distribución, etc. Barcelona
Nombre del editor, distribuidor, etc. Oceano Grupo Editorial
Fecha de publicación, distribución, etc. c2000
300 ## - DESCRIPCIÓN FÍSICA
Extensión 467 p.
Dimensiones 15 cm.
440 #0 - MENCIÓN DE SERIE/PUNTO DE ACCESO ADICIONAL--TÍTULO
Título Nuevo Equipo Didáctico Oceano
9 (RLIN) 5932
500 ## - NOTA GENERAL
Nota general Incluye gramática inglesa
650 14 - PUNTO DE ACCESO ADICIONAL DE MATERIA--TÉRMINO DE MATERIA
Término de materia o nombre geográfico como elemento de entrada Inglés
Subdivisión de forma Diccionarios
Subdivisión general Español
9 (RLIN) 5933
650 14 - PUNTO DE ACCESO ADICIONAL DE MATERIA--TÉRMINO DE MATERIA
Término de materia o nombre geográfico como elemento de entrada Español
Subdivisión de forma Diccionarios
Subdivisión general Inglés
9 (RLIN) 5934
902 ## - CATALOGADOR
Iniciales REF
942 ## - ELEMENTOS DE PUNTO DE ACCESO ADICIONAL (KOHA)
Fuente del sistema de clasificación o colocación Library of Congress Classification
Tipo de ítem Koha Libros
Holdings
Estado de retiro Estado de pérdida Estado dañado No para préstamo Localización permanente Ubicación/localización actual Fecha de adquisición Total de préstamos Signatura topográfica completa Código de barras Fecha visto por última vez Precio válido a partir de Tipo de ítem Koha
El ejemplar forma parte de la colección y puede ser consultado según las políticas vigentes.       Biblioteca del Museo Franz Mayer (Rogerio Casas-Alatriste) Biblioteca del Museo Franz Mayer (Rogerio Casas-Alatriste) 30/07/2008   PC4640 .D53 2000 REF00020 22/03/2019 22/03/2019 Libros